| 000 | 01704nam2a2200301 4500 | ||
|---|---|---|---|
| 001 | rc\4214939 | ||
| 005 | 20251118181757.9 | ||
| 021 |
_aRU _b[54-42760] |
||
| 021 |
_aRU _b[54-44567] |
||
| 035 | _a(NLR Aleph) 008012458 | ||
| 090 |
_a8709043 _c8709043 |
||
| 100 | _a20130415d1954 u y0rusy50 ca | ||
| 101 | 1 |
_arus _ceng |
|
| 102 | _aRU | ||
| 105 | _ay|||z|||000ay | ||
| 200 | 0 | _aТ. 2 | |
| 215 | _a828 с. | ||
| 317 |
_aИмеется также в Гос. лит. музее «XX век» в мемориальной б-ке Е. Л. Шварца © СПбГБУК «Государственный литературный музей «XX век» _5ГЛМ «XX век» |
||
| 327 | 1 | _aСодерж.: История Тома Джонса найденыша : роман | |
| 461 | 0 |
_1001rc\4214937 _12001#$aИзбранные произведения$eпереводы с английского$eв 2 т.$fГенри Фильдинг$g[примеч. Ю. Кагарлицкого$gвступ. статья «Генри Фильдинг - великий английский просветитель» С. С. Мокульского]$vТ. 2 _1700#1$aФилдинг$bГ.$f1707-1754$gГенри$3RU\NLR\AUTH\7729708 _98709031 _aФилдинг, Г. (1707-1754) _cМосква _d1954 _fГенри Фильдинг _nГослитиздат _oпереводы с английского : в 2 т. _tИзбранные произведения _vТ. 2 |
|
| 801 | 0 |
_aRU _bNLR _gpsbo |
|
| 801 | 1 |
_aRU _bELAR _2rusmarc |
|
| 852 |
_aNLR _jЛ60 Г-5/84(2) |
||
| 899 |
_aГЛМ «XX век» _y(Шварц) |
||
| 942 | _cBOOK | ||
| 980 | _aNB | ||
| 981 | 4 | 6 | _a(46) Личная библиотека Е. Шварца |